BMW Models - Statistics

General Stats
  • This quiz has been taken 142 times
  • The average score is 30 of 54
Answer Stats
Seria Model % Correct
3rd Serie M3
90%
BMW M. M3
90%
5th Serie M5
87%
BMW M. M5
87%
BMW M. M1
84%
6th Serie M6
78%
BMW M. M6
78%
BMW M. M8
78%
Series X X1
77%
Series X X3
77%
Series X X5
77%
Series X X6
75%
Series Z Z4
71%
1st Serie 120i
69%
3rd Serie 320i
65%
1st Serie 118i
64%
3rd Serie 330i
62%
1st Serie 116i
59%
3rd Serie 320d
59%
1st Serie 120d
58%
3rd Serie 335i
57%
1st Serie 135i
55%
3rd Serie 325i
55%
3rd Serie 330d
53%
5th Serie 520i
53%
5th Serie 530i
53%
Series Z Z1
52%
1st Serie 118d
51%
1st Serie 130i
51%
3rd Serie 318i
51%
5th Serie 540i
49%
5th Serie 550i
49%
7th Serie 750i
49%
5th Serie 520d
48%
8th Serie 850i
48%
5th Serie 530d
47%
8th Serie 840i
47%
3rd Serie 325d
46%
5th Serie 525i
46%
7th Serie 740i
46%
3rd Serie 335d
45%
5th Serie 525d
45%
3rd Serie 318d
44%
3rd Serie 335is
42%
7th Serie 760i
39%
5th Serie 535d
38%
6th Serie 630i
38%
6th Serie 650i
36%
5th Serie 523i
31%
8th Serie 830i
31%
1st Serie 123d
27%
7th Serie 730d
27%
6th Serie 635d
20%
8th Serie 850csi
10%
No matching quizzes found
Score Distribution
Percent of People with Each Score
Percentile by Number Answered
Your Score History
You have not taken this quiz